000 00917nam a2200217Ii 4500
003 JO-AjNU
008 230605s9999||||xx |||||||||||||| ||und||
040 _aJO-AjNU
_bara
_erda
_cJO-AjNU
041 _aara
050 1 4 _aHD29.1998
100 3 _aتحرير:حسين محمد القزاز؛اشراف ومراجعة: احمد صقر عاشور,
_eauthor
_932889
245 0 0 _aحالات إدارية عربية :تطوير الجهاز الحكومي والمشروعات العامة في ظروف تنموية جديدة( دليل المدرب)
250 _aط1
264 3 1 _aالقاهرة:المنظمة العربية للتنمية الادارية،1998
300 _a231ص
336 _atext
_btxt
_2rdacontent
337 _aunmediated
_bn
_2rdamedia
338 _avolume
_bnc
_2rdacarrier
490 0 _aادلة التدريب الاداري
650 4 _aالادارة-حالات ادارية
_932890
999 _aA13329
_c16897
_d16897